Countries That Eat the Most Seafood - Statistics

General Stats
  • This quiz has been taken 83 times
  • The average score is 9 of 16
Answer Stats
kg/person Country % Correct
46.65 Japan
99%
44.71 Indonesia
81%
54.66 South Korea
81%
50.57 Norway
79%
84.30 Iceland
75%
53.33 Malaysia
69%
59.36 Portugal
60%
43.97 Samoa
56%
44.75 Nauru
49%
69.22 Kiribati
44%
87.30 Maldives
43%
46.65 Cambodia
41%
45.85 Myanmar
41%
48.61 F.S. Micronesia
37%
52.89 Seychelles
37%
57.12 Antigua and Barbuda
29%
No matching quizzes found
Score Distribution
Percent of People with Each Score
Percentile by Number Answered
Your Score History
You have not taken this quiz